Sports Quiz

Random Sports or NFL Quiz

Winningest NFL Coaches by Percentage Quiz Stats

Quiz not verified by Sporcle

Challenge
Share
Tweet
Embed
Score 0/25 Timer 04:00
0 Plays Today
Team Coach % Correct
Green Bay PackersVince Lombardi
94.4%
Baltimore Colts/Miami DolphinsDon Shula
84.1%
Pittsburgh SteelersBill Cowher
83.2%
Washington RedskinsJoe Gibbs
83.2%
Oakland RaidersJohn Madden
82.2%
Cleveland Browns/Cincinnati BengalsPaul Brown
81.3%
Tampa Bay/Indianapolis ColtsTony Dungy
74.8%
Cleveland Browns/New England PatriotsBill Belichick
73.8%
Chicago BearsGeorge Halas
72%
San Francisco 49ers/Carolina PanthersGeorge Seifert
71%
Pittsburgh SteelersMike Tomlin
67.3%
Dallas CowboysBarry Switzer
57%
Green Bay PackersCurly Lambeau
54.2%
Team Coach % Correct
Minnesota VikingsBud Grant
47.7%
Washington RedskinsGeorge Allen
43.9%
St. Louis RamsMike Martz
37.4%
Denver BroncosRed Miller
17.8%
Cleveland BrownsBlanton Collier
10.3%
New York GiantsJim Lee Howell
4.7%
Washinton RedskinsRay Flaherty
3.7%
Frankford Yellow JacketsGuy Chamberlain
2.8%
Chicago Cardinals/Chicago BearsPaddy Driscoll
2.8%
San Francisco 49ers/Philadelphia EaglesBuck Shaw
1.9%
Buffalo BisonsTommy Hughitt
0.9%
New York GiantsRoy Andrews
0.9%

You're not logged in!

Compare scores with friends on all Sporcle quizzes.
Join for Free
OR
Log In

You Might Also Like...

Show Comments

Extras

Top Quizzes Today


Score Distribution

Your Account Isn't Verified!

In order to create a playlist on Sporcle, you need to verify the email address you used during registration. Go to your Sporcle Settings to finish the process.

Report this User

Report this user for behavior that violates our Community Guidelines.

Details: